000
00330nam a22001451a 4500
020
_a
9788170815433
082
_a
S 294.5
_b
BRI/K
100
_a
Brijakumar Shukla
245
_a
Karma kaumudi/
_c
by Brijakumar Shukla
260
_a
Delhi:
_b
Nag,
_c
2002.
300
_a
211p.
650
_a
Hinduism
650
_a
Religion
942
_c
BK
999
_c
22989
_d
22989